| 000 -LEADER |
| fixed length control field |
00599nam a22001697a 4500 |
| 005 - DATE AND TIME OF LATEST TRANSACTION |
| control field |
20210629104126.0 |
| 008 - FIXED-LENGTH DATA ELEMENTS--GENERAL INFORMATION |
| fixed length control field |
210628s2020 enk||||| |||| 00| 0 eng d |
| 041 ## - LANGUAGE CODE |
| Language code of text/sound track or separate title |
eng |
| 080 ## - UNIVERSAL DECIMAL CLASSIFICATION NUMBER |
| Universal Decimal Classification number |
376 Br - 84 |
| 245 ## - TITLE STATEMENT |
| Title |
Braille Alphabet & Numbers: |
| Remainder of title |
Braille Alphabet and Number Charts For Kids and Adults. |
| 264 ## - PRODUCTION, PUBLICATION, DISTRIBUTION, MANUFACTURE, AND COPYRIGHT NOTICE |
| Name of producer, publisher, distributor, manufacturer |
Independently published. |
| 300 ## - PHYSICAL DESCRIPTION |
| Extent |
103 p. |
| Other physical details |
30 cm. |
| 653 ## - INDEX TERM--UNCONTROLLED |
| keyword |
ბრაილის შრიფტი და ციფრები |
| 653 ## - INDEX TERM--UNCONTROLLED |
| keyword |
უსინათლო სტუდენტები |
| 653 ## - INDEX TERM--UNCONTROLLED |
| keyword |
Алфавит Брайля и цифры |
| 942 ## - ADDED ENTRY ELEMENTS (KOHA) |
| Source of classification or shelving scheme |
|
| Koha item type |
წიგნი |